Loading...
| History - European | 0 | 8 | 0 | 0 | 80 | 38 | 55.38 | 2 | 7 | 42.80 | 59.09 |
| History - Other | 0 | 8 | 0 | 1 | 80 | 50 | 81.50 | 3 | 5 | 27.16 | 55.45 |
| Religion | 0 | 5 | 0 | 0 | 50 | 50 | 82.20 | 0 | 3 | 17.87 | 30.91 |
| Science - Chemistry | 0 | 5 | 0 | 1 | 50 | 77 | 97.20 | 0 | 4 | 8.72 | 33.64 |
| History - American | 0 | 3 | 0 | 0 | 30 | 89 | 97.33 | 1 | 2 | 6.55 | 16.36 |
| Mythology | 0 | 3 | 0 | 0 | 30 | 80 | 106.67 | 0 | 2 | 6.78 | 17.27 |
| Literature - European | 0 | 3 | 0 | 0 | 30 | 52 | 97.67 | 1 | 2 | 7.78 | 16.36 |
| History - World | 0 | 3 | 1 | 0 | 25 | 67 | 79.67 | 1 | 2 | 10.27 | 21.82 |
| Social Science | 0 | 2 | 0 | 1 | 20 | 101 | 113.50 | 0 | 0 | 1.42 | 6.36 |
| Fine Arts - Painting and Sculpture | 0 | 2 | 0 | 2 | 20 | 135 | 138.50 | 0 | 0 | 0.00 | 3.64 |
| Science - Biology | 0 | 2 | 0 | 0 | 20 | 121 | 121.50 | 0 | 1 | 0.00 | 7.27 |
| Fine Arts - Other | 0 | 2 | 0 | 0 | 20 | 94 | 105.50 | 0 | 2 | 4.63 | 10.91 |
| Philosophy | 0 | 2 | 0 | 0 | 20 | 92 | 105.50 | 0 | 2 | 4.09 | 11.82 |
| Current Events | 0 | 1 | 0 | 0 | 10 | 106 | 106.00 | 0 | 0 | 7.35 | 20.00 |
| Literature - World | 0 | 1 | 1 | 0 | 5 | 125 | 125.00 | 0 | 0 | 0.55 | 3.64 |
| Literature - American | 0 | 0 | 0 | 0 | 0 | 0.00 | 0 | 0 | 0.00 | 0.00 | |
| Literature - British | 0 | 0 | 1 | 0 | -5 | 0.00 | 0 | 0 | 0.00 | 0.00 |